El control de gestión estartégico (Registro nro. 2517)
[ vista simple ]
| 000 -LEADER | |
|---|---|
| fixed length control field | 01356 a2200217 4500 |
| 001 - CONTROL NUMBER | |
| control field | 34964 |
| 005 - DATE AND TIME OF LATEST TRANSACTION | |
| control field | 20260407155634.0 |
| 008 - FIXED-LENGTH DATA ELEMENTS--GENERAL INFORMATION | |
| fixed length control field | 260407a1993 arg spa d |
| 003 - CONTROL NUMBER IDENTIFIER | |
| control field | AR-UNSa-BCEJYS |
| 040 ## - CATALOGING SOURCE | |
| Original cataloging agency | AR-UNSa-BCEJYS |
| Language of cataloging | spa |
| Transcribing agency | AR-UNSa-BCEJYS |
| 080 ## - UNIVERSAL DECIMAL CLASSIFICATION NUMBER | |
| Universal Decimal Classification number | 658.5 |
| Common auxiliary subdivision | Planificación y control de la producción<br/> |
| 020 ## - INTERNATIONAL STANDARD BOOK NUMBER | |
| International Standard Book Number | 84-267-0890-0 |
| 100 1# - MAIN ENTRY--PERSONAL NAME | |
| Personal name | Lorino, Philippe |
| 245 10 - TITLE STATEMENT | |
| Title | El control de gestión estartégico |
| Name of part/section of a work | la gestión por actividades |
| 264 #1 - PRODUCTION, PUBLICATION, DISTRIBUTION, MANUFACTURE, AND COPYRIGHT NOTICE | |
| Place of production, publication, distribution, manufacture | Paris : |
| Name of producer, publisher, distributor, manufacturer | Marcombo- Boixareu |
| Date of production, publication, distribution, manufacture, or copyright notice | 1993 |
| 300 ## - PHYSICAL DESCRIPTION | |
| Extent | 194 p. |
| Dimensions | 24 cm. |
| 505 ## - FORMATTED CONTENTS NOTE | |
| Formatted contents note | 1. Las bases del control de gestión tradicional - 2. Los nuevos datos de la competencia industrial - 3. El porque de las actividades y los procesos - 5. El análisis de las actividades - 6. Descripción de la actividad - 7. Las unidades de trabajo - 8. La identificación de las actividades críticas - 9. Los inductores de eficiencia - 11. Eficiencias y costes de las actividades: una medida multicriterio - 12. El coste de los productos - 13. Administrar el ciclo de vida de los productos - 14. Controlar la tensión de los flujos - 15. Cuentas tensas para flujos tensos - 16. La gestión estratégica de la inversión - 17. Otras aplicaciones - 18. Consideraciones prácticas sobre la implementación. |
| 590 ## - LOCAL NOTE (RLIN) | |
| Local note | niveau_biblio:m niveau_hierar:0 |
| 700 1# - ADDED ENTRY--PERSONAL NAME | |
| Personal name | Gavaldá Posiello, Jaime |
| 942 ## - ADDED ENTRY ELEMENTS (KOHA) | |
| Koha item type | |
| Withdrawn status | Lost status | Damaged status | Not for loan | Home library | Current library | Shelving location | Date acquired | Total checkouts | Full call number | Barcode | Date last seen | Price effective from | Koha item type |
|---|---|---|---|---|---|---|---|---|---|---|---|---|---|
| Biblioteca Prof. Eusebio Cleto del Rey | Biblioteca Prof. Eusebio Cleto del Rey | 07/04/2026 | 658.5 L872 | L65265 | 07/04/2026 | 07/04/2026 | Libro | ||||||
| Biblioteca Prof. Eusebio Cleto del Rey | Biblioteca Prof. Eusebio Cleto del Rey | 07/04/2026 | 658.5 L872 | L65264 | 07/04/2026 | 07/04/2026 | Libro |